| 000 | 00730nam a2200229 u 4500 | ||
|---|---|---|---|
| 005 | 20230209064119.0 | ||
| 008 | 090219s2003 r 000 0 eng d | ||
| 020 | _a8480635738 | ||
| 035 | _aUPN01000169615 | ||
| 049 | _aCG | ||
| 050 | 4 |
_aLB1027 _bO4.3 |
|
| 100 | 1 | _aOliver Vera, María del Carmen | |
| 245 | 1 | 0 |
_aEstrategias didácticas y organizativas ante la diversidad : _bdilemas del profesorado / _cMa. del Carmen Oliver Vera. |
| 260 |
_aBarcelona, Esp. : _bOctaedro : _bEUB, _c2003. |
||
| 300 | _a318 p. | ||
| 440 | 0 | _aPsicopedagogía | |
| 650 | 4 |
_aInnovaciones educativas _9386 |
|
| 650 | 7 |
_aEstrategias educativas _2 _91510 |
|
| 650 | 4 |
_aRelación maestro-estudiante _94168 |
|
| 905 | _aLibro | ||
| 999 |
_c141721 _d141721 |
||